000 00515nam a2200157 i 4500
001 79530
003 ES-MaACL
005 20230906174010.0
007 t|
008 041021s1924 sp ||||1| spa d
100 1 _aHerce, Félix.
_962672
245 1 3 _aLa espiga de oro o la venganza del tahonero
_b: parodia rápida en un acto con un paréntesis en breves segundos /
_cFélix Herce.
260 _a[Madrid :
_bs.n.],
_c1924 (
_fEst. Tip. Anónima Mefar)
300 _a24 p. ;
_c21 cm.
852 _aES-MaACL
_j1670-F-5
999 _c79530
_d79530